000 00729nmm a2200289 a 4500
003 AR-BaBNM
005 20251128202824.0
008 097019s1989 ||||||||||||||000 | spa||
020 _a950-02-0270-0
040 _cAR-BaBNM
100 1 _aBasile, Alejandro A.
245 1 0 _aFundamentos de medicina legal
260 _aBuenos Aires
_bEl Ateneo
_c1989
300 1 _axvi, 166 p.
_bgráfs.
500 0 _aIndice p. xi-xvi
650 4 _aMEDICINA FORENSE
650 4 _aINVESTIGACION PENAL
650 4 _aCRIMINOLOGIA
650 4 _aABORTO
650 4 _aDELITOS
650 4 _aLESIONES
650 4 _aDERECHO
700 1 _aWaisman, David
700 1 _aCinelli, Victor Alberto
_eprologuista
942 _cBK
998 _cenrique
999 _c741
_d741